OECD Composite Leading Indicators and Their Prediction Abilities in V4 Countries

Tento príspevok je zameraný na analýzu komponentov a predikčných schopností kompozitného predstihového indikátora (CLI) OECD v prípade krajín V4 v období rokov 2001-2021. Na overenie týchto predikčných schopností CLI sme použili metódy ako sezónne očistené časové rady, Hodrickov-Prescottov filter a...

Ausführliche Beschreibung

Gespeichert in:
Bibliographische Detailangaben
1. Verfasser: Tkáčová, Andrea
Weitere Verfasser: Andrejovská, Alena
Format: Buchkapitel
Sprache:Englisch
Schlagworte:
Tags: Tag hinzufügen
Keine Tags, Fügen Sie das erste Tag hinzu!

MARC

LEADER 00000naa a2200000 4500
001 0291086
005 20240417075226.5
041 0 |a eng 
044 |a SK 
245 1 0 |a OECD Composite Leading Indicators and Their Prediction Abilities in V4 Countries  |c Andrea Tkáčová, Alena Andrejovská 
520 |a Tento príspevok je zameraný na analýzu komponentov a predikčných schopností kompozitného predstihového indikátora (CLI) OECD v prípade krajín V4 v období rokov 2001-2021. Na overenie týchto predikčných schopností CLI sme použili metódy ako sezónne očistené časové rady, Hodrickov-Prescottov filter a krížovú koreláciu medzi CLI a cyklickými zložkami mesačných údajov HDP. Na základe výsledkov krížovej korelácie môžeme definovať predikčné schopnosti CLI OECD. Výsledkom je, že v prípade CLI Slovenska tento ukazovateľ nedokáže predpovedať vývoj HDP a pôsobí ako koincidencia. CLI pre Maďarsko a Českú republiku dokáže predpovedať hospodársky cyklus týchto krajín na niekoľko mesiacov. Predikčná schopnosť CLI Poľska je slabá: v prípade CLI Slovenska a Poľska je potrebné zmeniť zložky kompozitných predstihových indikátorov. 
610 2 0 |a cykly hospodárske 
610 2 0 |a produkt domáci hrubý 
610 2 0 |a ukazovatele 
610 2 0 |a Vyšehradská štvorka 
100 1 |a Tkáčová, Andrea 
700 1 |a Andrejovská, Alena